[Event "Mediterranean-ch U20"]
[Site "Crete"]
[Date "2013.08.30"]
[Round "6"]
[White "Asan, Elvan"]
[Black "Papadakis, Georgios D"]
[Result "1/2-1/2"]
[WhiteElo "1831"]
[BlackElo "1558"]
[PlyCount "49"]
[EventDate "2013.08.27"]
[EventType "swiss"]
[EventRounds "9"]
[EventCountry "GRE"]
[SourceTitle "CBM 156 Extra"]
[Source "ChessBase"]
[SourceDate "2013.10.22"]
[SourceVersion "1"]
[SourceVersionDate "2013.10.22"]
[SourceQuality "1"]

1. e4 c5 2. Nf3 d6 3. d4 cxd4 4. Qxd4 Nc6 5. Bb5 Bd7 6. Bxc6 Bxc6 7. Nc3 Nf6 8. Bg5 e6 9. 0-0-0 Be7 10. Rhe1 Qc7 11. Qd2 0-0 12. Nd4 a6 13. f3 Rfd8 14. g4 b5 15. Nce2 Rab8 16. Ng3 Ba8 17. Be3 Rdc8 18. Kb1 b4 19. h4 a5 20. h5 a4 21. g5 Ne8 22. Rh1 a3 23. b3 Qc3 24. Qc1 Qc7 25. Qd2 1/2-1/2

[Event "Heraklion Gazi op 9th"]
[Site "Heraklion"]
[Date "2013.07.29"]
[Round "4"]
[White "Papadakis, Georgios D"]
[Black "Fragiadakis, Dimitrios"]
[Result "0-1"]
[WhiteElo "1558"]
[BlackElo "1947"]
[PlyCount "78"]
[EventDate "2013.07.27"]
[EventType "swiss"]
[EventRounds "9"]
[EventCountry "GRE"]
[SourceTitle "CBM 155 Extra"]
[Source "ChessBase"]
[SourceDate "2013.08.26"]
[SourceVersion "1"]
[SourceVersionDate "2013.08.26"]
[SourceQuality "1"]

1. d4 Nf6 2. c4 g6 3. Nc3 Bg7 4. e4 d6 5. h3 Nc6 6. d5 Ne5 7. f4 Ned7 8. Nf3 0-0 9. Be3 e5 10. fxe5 Nxe5 11. Nxe5 dxe5 12. Bc5 Re8 13. Bd3 b6 14. Be3 Nh5 15. Qf3 Qh4+ 16. Bf2 Qg5 17. Ne2 Nf4 18. Nxf4 exf4 19. Rb1 f5 20. 0-0 fxe4 21. Bxe4 Bxh3 22. d6 Bg4 23. Bd5+ Kh8 24. Qa3 Rac8 25. Qxa7 cxd6 26. Bxb6 Re7 27. Qa3 Be5 28. Qd3 f3 29. Bxf3 Qh4 30. Bxg4 Qh2+ 31. Kf2 Rf8+ 32. Ke2 Qxg2+ 33. Rf2 Bd4+ 34. Kd1 Qg1+ 35. Kc2 Qxf2+ 36. Kb3 Bxb6 37. Qxd6 Bc5 38. Qc6 Qe3+ 39. Ka4 Ra7+ 0-1

[Event "GRE-chT 41st"]
[Site "Achaia"]
[Date "2013.07.07"]
[Round "7.8"]
[White "Karapiperis, Alexandros"]
[Black "Papadakis, Georgios D"]
[Result "1-0"]
[WhiteElo "1910"]
[BlackElo "1558"]
[PlyCount "65"]
[EventDate "2013.07.02"]
[EventType "team-swiss"]
[EventRounds "7"]
[EventCountry "GRE"]
[SourceTitle "CBM 155 Extra"]
[Source "ChessBase"]
[SourceDate "2013.08.26"]
[SourceVersion "1"]
[SourceVersionDate "2013.08.26"]
[SourceQuality "1"]
[WhiteTeam "Nautical Association"]
[BlackTeam "OFI"]
[WhiteTeamCountry "GRE"]
[BlackTeamCountry "GRE"]

1. c4 e5 2. g3 Nc6 3. Bg2 g6 4. Nc3 Bg7 5. e4 Nf6 6. Nge2 0-0 7. 0-0 d6 8. f4 exf4 9. gxf4 Bg4 10. h3 Bh5 11. d4 Re8 12. Be3 Bxe2 13. Qxe2 Nh5 14. Qd2 Ng3 15. Rfe1 f5 16. e5 dxe5 17. fxe5 Bh8 18. Bd5+ Kf8 19. Bg5 Qc8 20. Bh4 Nh5 21. Qh6+ Bg7 22. Qxh7 Ne7 23. Bxe7+ Kxe7 24. Qxg6 Rh8 25. Qf7+ Kd8 26. e6 Bxd4+ 27. Kh2 c6 28. e7+ Kc7 29. e8Q+ Kb6 30. Qxc8 Raxc8 31. Bg2 Nf4 32. c5+ Kxc5 33. Qxf5+ 1-0

[Event "GRE-chT 41st"]
[Site "Achaia"]
[Date "2013.07.04"]
[Round "4.8"]
[White "Papadakis, Georgios D"]
[Black "Naoum, Spyridon"]
[Result "0-1"]
[WhiteElo "1558"]
[BlackElo "2207"]
[PlyCount "44"]
[EventDate "2013.07.02"]
[EventType "team-swiss"]
[EventRounds "7"]
[EventCountry "GRE"]
[SourceTitle "CBM 155 Extra"]
[Source "ChessBase"]
[SourceDate "2013.08.26"]
[SourceVersion "1"]
[SourceVersionDate "2013.08.26"]
[SourceQuality "1"]
[WhiteTeam "OFI"]
[BlackTeam "Chania ADA"]
[WhiteTeamCountry "GRE"]
[BlackTeamCountry "GRE"]

1. d4 Nf6 2. c4 g6 3. Nc3 d5 4. cxd5 Nxd5 5. e4 Nxc3 6. bxc3 Bg7 7. Be3 c5 8. Bb5+ Bd7 9. Bxd7+ Nxd7 10. Ne2 cxd4 11. cxd4 Qa5+ 12. Bd2 Qa6 13. Bc3 0-0 14. 0-0 Rac8 15. Qd2 Rc4 16. Qb2 Nb6 17. Qd2 Na4 18. Bb4 Rd8 19. Bxe7 Re8 20. Qg5 Rc7 21. Bd6 Qxd6 22. Qb5 Qd7 0-1

[Event "Mediterranean-ch U20 4th"]
[Site "Chania"]
[Date "2012.08.31"]
[Round "6"]
[White "Papadakis, Georgios D"]
[Black "Daskalakis, Georgios"]
[Result "0-1"]
[WhiteElo "1597"]
[BlackElo "1466"]
[PlyCount "74"]
[EventDate "2012.08.28"]
[EventType "swiss"]
[EventRounds "9"]
[EventCountry "GRE"]
[SourceTitle "CBM 150 Extra"]
[Source "ChessBase"]
[SourceDate "2012.10.19"]
[SourceVersion "1"]
[SourceVersionDate "2012.10.19"]
[SourceQuality "1"]

1. d4 Nf6 2. c4 g6 3. Nc3 Bg7 4. e4 d6 5. Nf3 0-0 6. Be2 e5 7. d5 a5 8. Be3 Na6 9. Nd2 Nc5 10. 0-0 Ne8 11. Nb3 Nxb3 12. axb3 f5 13. f3 Bd7 14. Qd2 f4 15. Bf2 g5 16. c5 dxc5 17. Bxc5 Nd6 18. Na4 h5 19. Rfc1 b6 20. Nxb6 cxb6 21. Bxd6 Re8 22. Bc7 Qf6 23. d6 Bf8 24. Bc4+ Kg7 25. Bd5 Ra6 26. Bb7 Ra7 27. Bc6 Rxc7 28. dxc7 Bxc6 29. Rxc6 Qxc6 30. Qd8 Be7 31. Qb8 Bd6 32. Qd8 Bxc7 33. Qd2 Rd8 34. Qe2 Qc5+ 35. Kf1 Qd4 36. Rc1 Bb8 37. Qb5 Qxb2 0-1

[Event "Gazi op 8th"]
[Site "Gazi"]
[Date "2012.08.04"]
[Round "1"]
[White "Papadakis, Georgios D"]
[Black "Kharitonov, Alexandr"]
[Result "0-1"]
[WhiteElo "1597"]
[BlackElo "2539"]
[PlyCount "80"]
[EventDate "2012.08.04"]
[EventType "swiss"]
[EventRounds "9"]
[EventCountry "GRE"]
[SourceTitle "EXT 2024"]
[Source "ChessBase"]
[SourceDate "2023.10.10"]
[SourceVersion "1"]
[SourceVersionDate "2023.10.10"]
[SourceQuality "1"]

1. d4 Nf6 2. c4 e6 3. Nc3 Bb4 4. e3 0-0 5. Bd3 d5 6. Nge2 dxc4 7. Bxc4 c5 8. Bd2 cxd4 9. Nxd4 e5 10. Nb3 Nc6 11. Qc2 Bg4 12. 0-0 Rc8 13. f3 Bh5 14. a3 Bg6 15. Qd1 Na5 16. Nxa5 Bxa5 17. Bb3 Bd3 18. Re1 e4 19. Nxe4 Bxe4 20. Bxa5 Qxa5 21. fxe4 Nxe4 22. Qe2 Nd2 23. Ba2 Rc2 24. b4 Qc7 25. Qh5 g6 26. Qh4 Kg7 27. e4 Nc4 28. Bxc4 Rxc4 29. Qf2 a6 30. e5 Re8 31. Qf6+ Kg8 32. e6 Qb6+ 33. Kh1 Rxe6 34. Rxe6 Qxe6 35. Qf3 Re4 36. Qc3 Re3 37. Qd2 h5 38. h3 Qe4 39. Rc1 Rxh3+ 40. Kg1 Qe3+ 0-1

[Event "Heraklion Galaxy op 1st"]
[Site "Heraklion"]
[Date "2011.01.08"]
[Round "6"]
[White "Fragiadaki, Irini"]
[Black "Papadakis, Georgios D"]
[Result "0-1"]
[WhiteElo "1443"]
[BlackElo "1005"]
[PlyCount "106"]
[EventDate "2011.01.04"]
[EventType "swiss"]
[EventRounds "7"]
[EventCountry "GRE"]
[SourceTitle "EXT 2024"]
[Source "ChessBase"]
[SourceDate "2023.10.10"]
[SourceVersion "1"]
[SourceVersionDate "2023.10.10"]
[SourceQuality "1"]

1. e4 c5 2. Nf3 d6 3. Bc4 e6 4. Nc3 Nd7 5. d4 cxd4 6. Nxd4 a6 7. 0-0 b5 8. Bxe6 fxe6 9. Nxe6 Qb6 10. Nd5 Qc6 11. Ndc7+ Ke7 12. Bf4 Bb7 13. Bg5+ Ngf6 14. Qg4 Rc8 15. Nd5+ Kf7 16. Qf5 g6 17. Qh3 Re8 18. Nd4 Qc8 19. Nxf6 Nxf6 20. Qh4 Bg7 21. f3 d5 22. Rf2 h6 23. Bxf6 Bxf6 24. Qf4 Qb8 25. Qxb8 Rxb8 26. Rd1 Kg7 27. Ne6+ Kh7 28. exd5 Rhe8 29. Nc7 Red8 30. d6 Rd7 31. b3 Rc8 32. Ne6 Be5 33. Rfd2 Re8 34. Nc5 Bc6 35. Nxd7 Bxd7 36. Rd5 Bg7 37. c4 Be6 38. d7 Rd8 39. Rd6 Bf7 40. c5 Bf8 41. Rc6 Kg7 42. Rxa6 Bxc5+ 43. Kh1 Kf8 44. Rc6 Be7 45. a4 Bxb3 46. Rd2 bxa4 47. Rc8 Kf7 48. Rc6 Be6 49. Ra6 Rxd7 50. Rxd7 Bxd7 51. g4 a3 52. Ra5 g5 53. Ra7 Be6 0-1

[Event "Heraklion Galaxy op 1st"]
[Site "Heraklion"]
[Date "2011.01.04"]
[Round "1"]
[White "Papadakis, Michalis"]
[Black "Papadakis, Georgios D"]
[Result "1-0"]
[WhiteElo "2210"]
[BlackElo "1005"]
[PlyCount "67"]
[EventDate "2011.01.04"]
[EventType "swiss"]
[EventRounds "7"]
[EventCountry "GRE"]
[SourceTitle "EXT 2024"]
[Source "ChessBase"]
[SourceDate "2023.10.10"]
[SourceVersion "1"]
[SourceVersionDate "2023.10.10"]
[SourceQuality "1"]

1. c4 e5 2. Nc3 Nf6 3. d3 d6 4. g3 g6 5. Bg2 Bg7 6. e3 c6 7. Nge2 0-0 8. 0-0 Be6 9. b4 d5 10. cxd5 Nxd5 11. Rb1 a6 12. a4 b5 13. Ne4 Nd7 14. Qc2 f5 15. Nc5 Nxc5 16. Qxc5 Rc8 17. Bb2 Qe7 18. Bxd5 Qf7 19. Bxe6 Qxe6 20. d4 exd4 21. Bxd4 Bxd4 22. Nxd4 Qe4 23. a5 Rfd8 24. Rbd1 Qd5 25. Nxc6 Qxc5 26. Rxd8+ Qf8 27. Rxf8+ Kxf8 28. Rc1 Ke8 29. Rc5 Rc7 30. Nd4 Rxc5 31. bxc5 Kd7 32. Kf1 Ke7 33. Ke2 Kf6 34. Nxb5 1-0